| 000 | 00948nam a2200229Ii 4500 | ||
|---|---|---|---|
| 003 | JO-AjNU | ||
| 008 | 230605s9999||||xx |||||||||||||| ||und|| | ||
| 017 | _a2018/7/3663 | ||
| 020 | _a978-9923-15-016-0 | ||
| 040 |
_aJO-AjNU _bara _erda _cJO-AjNU |
||
| 041 | _aara | ||
| 050 | 1 | 4 | _ak1089 2020 |
| 100 | 3 |
_aالخوالدة، مؤيد حسني, _eauthor _959228 |
|
| 245 | 0 | 0 | _aجريمة إفشاء السر المصرفي المسؤولية الجزائية وآثارها على عمليات غسل الأموال: دراسة مقارنة |
| 250 | _aط1 | ||
| 264 | 3 | 1 | _aعمان: الدار العلمية الدولية للنشر والتوزيع؛ دار الثقافة للنشر والتوزيع، 2020 |
| 300 |
_a263ص _bيشتمل على مراجع |
||
| 336 |
_atext _btxt _2rdacontent |
||
| 337 |
_aunmediated _bn _2rdamedia |
||
| 338 |
_avolume _bnc _2rdacarrier |
||
| 650 | 4 |
_aالبنوك-الجرائم-القانون _959229 |
|
| 999 |
_aA26642 _c30210 _d30210 |
||